000 00468cam a2200181ua 4500
001 1738
008 110921n ii |||gr||||Z||||||eng
040 _cMAIN
082 _a363.7
100 _aBordoloi, Nabanita Dutta,
_eAuthor.
245 1 _aParibesh Adhyayan
_cby Nabanita Dutta Bordoloi
250 _a1st.
260 _aGuahati:
_bSanti Prakashan,
_c2005.
300 _a238p:
_c23cm.
653 _aEnvironmental Science
653 _aParibesh adhyayan
942 _cBK
999 _c1622
_d1622